| 000 | 00636nam a22001457a 4500 | ||
|---|---|---|---|
| 020 | _a978-0-552-77542-7 | ||
| 082 |
_a823 _bSWA/S |
||
| 100 | _aSWARUP, VIKAS | ||
| 245 | _aSLUMDOG MILLIONAIRE | ||
| 260 |
_aLONDON _bBLACK SWAN _c2009 |
||
| 300 | _a382 | ||
| 520 | _aSlumdog Millionaire, by Indian author and diplomat Vikas Swarup, follows the rags-to-riches story of an Indian teenager who becomes a millionaire by winning a version of “Who Wants to be a Millionaire.” Swarup published the novel in 2005 with the title Q&A, to reflect the trivia show that reverses the poor boy's ... | ||
| 650 |
_aNOVEL _zUNITED KINGDOM |
||
| 942 | _cBK | ||
| 999 |
_c3968 _d3968 |
||